| 000 | nam a22 7a 4500 | ||
|---|---|---|---|
| 999 |
_c48126 _d48126 |
||
| 003 | Nust | ||
| 005 | 20170623093025.0 | ||
| 008 | 170110b xxu||||| |||| 00| 0 eng d | ||
| 040 | _cNust | ||
| 041 | _hUrdu | ||
| 082 |
_a891.4391 _bELI |
||
| 100 |
_aJon Elia _93124 |
||
| 245 |
_aFarnod _binshaye aur mazameen 1958-2002 \ _cby Jon Elia |
||
| 260 |
_aLahore: _bAl-Hamd Publications, _c2012. |
||
| 300 | _a817p. | ||
| 650 |
_aUrdu Literature. _9347 |
||
| 880 |
_6100-01\(3\r _aجون ایلیا |
||
| 880 |
_6245-02\(3\r _aفرنود: _bانشایٗے اور مضامین 2002-1958 _cجون ایلیا، تالیف و ترتیب: خالد احمد انصاری |
||
| 880 |
_6260-03\(3\r _aلاہور: _bالحمد پبلی کیشنز، _c2012 |
||
| 942 |
_2ddc _cBK |
||